000 00336nam a22001457a 4500
008 230124b ||||| |||| 00| 0 eng d
020 _a9781618532763
041 _aeng
080 _2FIRST EDITION
_a338
082 _a338WAL
100 _a23
101 _aACC
245 _aFINANCIAL MANAGERIAL ACCOUNTING
_cWALLACE
942 _2udc
_cBK
999 _c59272
_d59272